Statistics for Guess the Book of the Bible by One Verse

Click here to take the quiz!

General Stats

  • This quiz has been taken 98 times
  • The average score is 7 of 10

Answer Stats

HintAnswer% Correct
Jesus wept.John
96%
Now the serpent was more crafty than any other beast of the field that the Lord God had made.Genesis
90%
Then I saw in the right hand of him who was seated on the throne a scroll written within and on the back, sealed with seven sealsRevelation
81%
Love is patient and kind; love does not envy or boast; it is not arrogant1 Corinthians
71%
And the angel answered her, “The Holy Spirit will come upon you, and the power of the Most High will overshadow you; therefore the child to be born will be called holy—the Son of God.Luke
71%
Then he said, “Your name shall no longer be called Jacob, but Israel, for you have striven with God and with men, and have prevailed.Genesis
69%
Even a fool who keeps silent is considered wise; when he closes his lips, he is deemed intelligent.Proverbs
67%
My God, my God, why have you forsaken me? Why are you so far from saving me, from the words of my groaning?Psalms
46%
When I lie down I think, ‘How long before I get up?’ The night drags on, and I toss and turn until dawn.Job
40%
Let no one say when he is tempted, “I am being tempted by God,” for God cannot be tempted with evil, and he himself tempts no one.James
35%

Score Distribution

Percentile by Number Answered

Percent of People with Each Score

Your Score History

You have not taken this quiz